| 000 | 00769nam a22002297a 4500 | ||
|---|---|---|---|
| 003 | OSt | ||
| 005 | 20220305124348.0 | ||
| 008 | 220305b |||||||| |||| 00| 0 eng d | ||
| 040 | _cSTCPL | ||
| 041 | _aMAL | ||
| 082 |
_a275.483 _bJOH-N |
||
| 245 |
_aNidhiyirickal Manikathanar : Kalathinte saradhi / _cCompiled by Johny John Nidhiry _hനിധീരിക്കൽ മാണിക്കത്തനാർ : കാലത്തിന്റെ സാരഥി |
||
| 250 | _a2nd ed. | ||
| 260 |
_aKuravilangad : _bNidhirickal Manikathanar Foundation, _c2003 |
||
| 300 |
_a176 p. _bPB |
||
| 650 |
_aChrurch history _bKerala |
||
| 650 | _aNidhirickal Manikathanar | ||
| 700 | _aJohny John Nidhiry (Comp.) | ||
| 942 | _cBK | ||
| 942 | _2ddc | ||
| 942 |
_2ddc _n0 |
||
| 999 |
_c75681 _d75681 |
||